logo - kviz #1 - Statistics

General Stats
  • This quiz has been taken 199 times
  • The average score is 10 of 12
Answer Stats
Picture Answer % Correct
Google
98%
Mcdonalds
98%
Adidas
97%
Facebook
97%
Ferrari
97%
Twitter
96%
Skoda Auto
95%
Starbucks
94%
Wikipedia
90%
JetPunk
50%
Beats by Dre
34%
BP
16%
No matching quizzes found
Score Distribution
Percent of People with Each Score
Percentile by Number Answered
Your Score History
You have not taken this quiz